| 000 | 00730nam a2200193Ii 4500 | ||
|---|---|---|---|
| 003 | JO-AjNU | ||
| 008 | 230605s9999||||xx |||||||||||||| ||und|| | ||
| 040 |
_aJO-AjNU _bara _erda _cJO-AjNU |
||
| 041 | _aara | ||
| 050 | 1 | 4 | _aD338.H124 1987 |
| 100 | 3 |
_aتحقيق المشهداني، محمد جاسم حمادي, _eauthor _98996 |
|
| 245 | 0 | 0 | _aحرب بني شيبان مع كسرى أنو شروان / رواية بشر بن مروان الاسدي |
| 264 | 3 | 1 | _aبغداد: الجامعة المستنصرية ، 1987 |
| 300 | _a112ص | ||
| 336 |
_atext _btxt _2rdacontent |
||
| 337 |
_aunmediated _bn _2rdamedia |
||
| 338 |
_avolume _bnc _2rdacarrier |
||
| 650 | 4 |
_aشبيانون-تاريخ/كسرى ابو شرون _98997 |
|
| 999 |
_aA1074 _c4642 _d4642 |
||